Normal view
MARC view
Entry Topical Term
001 - CONTROL NUMBER
- control field: 260455
003 - CONTROL NUMBER IDENTIFIER
- control field: OSt
005 - DATE AND TIME OF LATEST TRANSACTION
- control field: 20260407112236.0
008 - FIXED-LENGTH DATA ELEMENTS
- fixed length control field: 260407|| aca||aabn | a|a d
040 ## - CATALOGING SOURCE
- Original cataloging agency: OSt
- Transcribing agency: OSt
150 ## - HEADING--TOPICAL TERM
- Topical term or geographic name entry element: Transport Protocols
670 ## - SOURCE DATA FOUND
- Source citation: Work cat.: (OSt)241154: Tarek N Saadawi and others 260452, Fundamentals of telecommunication networks, 2015